000 00280nam a2200121Ia 4500
008 190216s9999||||xx |||||||||||||| ||und||
100 _aSeth Kl & Phull Ds
245 0 _aDictionary Of Commerce
260 _bBright Careers
300 _a400
650 _aCommerce
942 _cBK
999 _c6623
_d6623